000 00878nam a22002777a 4500
001 BR8806805
003 BR-BrBNA
005 20230928093048.0
007 ta
008 230509b bl.||||| |||| 00| 0 por d
040 _aBR-BrBNA
_bpor
_cBiblioteca Nacional de Agricultura
041 _a(Por)
072 _aK10
_b3140
090 _ 3140 BR8806805
100 1 _aTavares, M.F.R.
110 1 _aUniversidade Federal de Vicosa, MG (Brasil)
_0Tese (Magister Scientiae)
245 1 _aAnalise tecnica e economica do desdobro de toras de pinus
260 3 _aVicosa, MG (Brasil):
_c1988.
300 _a62 p.
500 _a5 illus.; 16 tables; 39 ref.; Summary (Por). (*) Documento disponível na(o) Universidade Federal de Vicosa, MG (Brazil)
650 _aPINHEIRO
650 _aANALISE ECONOMICA
650 _aTORA
909 _a202309
_bLucia
_c55
_dLucia Elande
942 _cBK
999 _c42775
_d42775